| 000 | 00657nam a2200205 a 4500 | ||
|---|---|---|---|
| 001 | 000043630 | ||
| 005 | 20201002044904.0 | ||
| 008 | 140331s1970 sp 000 0 spa d | ||
| 040 |
_aDO-SdBNP _bspa _cBNPHU |
||
| 082 |
_axxxx _bxxxx |
||
| 100 | 1 |
_aMusset, Alfredo de _d1810-1857 _971463 |
|
| 245 | 1 | 0 |
_aMimí Pinson y otras historias / _cAlfredo de Musset; prólogo Emilio Gascó Contell. |
| 260 |
_aMadrid : _bLibra, _c1970. |
||
| 300 |
_a189 p. ; _c17 cm. |
||
| 490 | 1 |
_aPurpura _v27 |
|
| 650 | 4 |
_aNovela francesa _ySIGLO 19 _971464 |
|
| 650 | 4 |
_aLiteratura francesa _91074 |
|
| 700 | 1 | 2 |
_aGarcía Melero, Ángel _eprol. _971458 |
| 830 | 0 |
_aPurpura _n27 _971465 |
|
| 999 |
_c43119 _d43119 |
||